Sinfonía en horus

Uloženo v:
Podrobná bibliografie
Hlavní autor: Bajac de Borges, Isaura
Médium: Kniha
Jazyk:Undetermined
Vydáno: Montevideo, Uruguay Don Orine 1963
Témata:
Tagy: Přidat tag
Žádné tagy, Buďte první, kdo vytvoří štítek k tomuto záznamu!

MARC

LEADER 00000nam a2200000Ia 4500
008 170316s9999 xx 000 0 und d
040 |a cru BVZT 
090 |a 860 B-3s 
100 |a Bajac de Borges, Isaura 
245 |a Sinfonía en horus 
260 |a Montevideo, Uruguay 
260 |b Don Orine 
260 |c 1963 
300 |a 58 páginas 
650 |a LITERATURA LATINOAMERICANA 
999 |c 8465  |d 8465 
942 |c 15 D  |h 860 B-3s  |2 z